|
|
|
|
| LEADER |
01023mam a2200277 a 4500 |
| 008 |
980226s1998 ii b 001 0 eng |
| 010 |
|
|
|a 97914017
|
| 015 |
|
|
|a GB98-78527
|
| 020 |
|
|
|a 9780195648898
|
| 025 |
|
|
|a I-E-97-914017; 63-92; 92-13
|
| 035 |
|
|
|a (OCoLC)ocm38527690
|
| 042 |
|
|
|a lcode
|
| 043 |
|
|
|a a-ii---
|
| 082 |
0 |
0 |
|a 322/.1/0954
|2 21
|
| 100 |
1 |
|
|a Bharucha, Rustom,
|
| 245 |
1 |
0 |
|a In the name of the secular :
|b contemporary cultural activism in India /
|c Rustom Bharucha.
|
| 260 |
|
|
|a Delhi ;
|a New York :
|b Oxford University Press,
|c 1998.
|
| 300 |
|
|
|a xi, 197 p. ;
|c 22 cm.
|
| 504 |
|
|
|a Includes bibliographical references (p. [185]-193) and index.
|
| 650 |
|
0 |
|a Religion and politics
|z India.
|
| 650 |
|
0 |
|a Secularism
|z India.
|
| 651 |
|
0 |
|a India
|x Politics and government
|y 1947-
|
| 900 |
|
|
|a AUTH
|
| 942 |
|
|
|c BK
|
| 999 |
|
|
|c 190066
|d 190066
|
| 952 |
|
|
|0 0
|1 0
|4 0
|6 322_100000000000000_BHA_I
|7 0
|9 209562
|a ENG
|b ENG
|c ST1
|d 2014-08-27
|e Book shop
|g 385.00
|i 17641
|l 0
|o 322.10 BHA/I
|p ENG17641
|r 2014-08-27
|w 2018-08-21
|y BK
|